Verstorbene Simpsons Charaktere - Sudden Death - Statistiken

Allgemein
  • Dieses Quiz wurde 78 mal gespielt
  • Das Durchschnittsergebnis liegt bei 5 aus 12
Answers on the Grid
Answers color-coded by a green-red scale on the quiz's grid according to % correct below.
Bart Simpson
Jub-Jub
Lurleen Lumpkin
Maude Flanders
Troy McClure
Herman Hermann
Sam
Edna Krabapple
Ruth Powers
Marge Simpson
Mary Spuckler
Lionel Hutz
Eddie
Disco Stu
Hyman Krustofski
Drederick Tatum
Kodos
Dewey Largo
Jimbo Jones
Carl Carlson
Lenny Leonard
Dr. Nick Riviera
Mr. Burns
Zahnfleischbluter Murphy
Jeff Albertson
Ape Simpson
Dr Marvin Monroe
Julius Hibbert
Mona Simpson
Larry Dalrymple
 
Antwortstatistiken
Antwort % Korrekt
Maude Flanders
82%
Mona Simpson
78%
Zahnfleischbluter Murphy
66%
Edna Krabapple
54%
Hyman Krustofski
40%
Dr Marvin Monroe
36%
Lionel Hutz
25%
Jub-Jub
24%
Larry Dalrymple
19%
Troy McClure
19%
Dr. Nick Riviera
18%
Dewey Largo
13%
Keine übereinstimmenden Quizze gefunden
Verteilung der Resultate
Anzahl Personen mit jedem Resultat
Perzentil nach korrekt beantworteten Fragen
Ihre Resultats-Entwicklung
Sie haben dieses Quiz noch nicht gespielt